Statistics for Random English Counties Mouse Hunt!

Click here to take the quiz!

General Stats

  • This quiz has been taken 1,629 times
  • The average score is 6 of 10

Answers on the Map

Answers color-coded by a green-red scale on the quiz's map according to % correct below.
 

Answer Stats

County% Correct
Cornwall
86%
Greater London
85%
Essex
81%
North Yorkshire
81%
Somerset
74%
Lincolnshire
71%
Greater Manchester
69%
Lancashire
65%
Hampshire
64%
Cumbria
62%
Northumberland
62%
Wiltshire
62%
Devon
61%
Kent
60%
Nottinghamshire
59%
Oxfordshire
58%
West Sussex
58%
Norfolk
57%
Derbyshire
56%
Isle of Wight
56%
South Yorkshire
56%
Dorset
54%
Gloucestershire
53%
Cheshire
52%
Suffolk
52%
City of Bristol
50%
Merseyside
50%
West Yorkshire
50%
Cambridgeshire
48%
Buckinghamshire
46%
East Sussex
46%
Berkshire
45%
East Riding of
Yorkshire
45%
Hertfordshire
45%
Surrey
45%
Shropshire
44%
Staffordshire
44%
Tyne and Wear
44%
Worcestershire
41%
Leicestershire
40%
Durham
39%
Bedfordshire
38%
West Midlands
38%
Northamptonshire
37%
Herefordshire
34%
Rutland
34%
Warwickshire
33%

Score Distribution

Percentile by Number Answered

Percent of People with Each Score

Your Score History

You have not taken this quiz